| 000 | 00869nam a22002417a 4500 | ||
|---|---|---|---|
| 999 |
_c4082 _d4082 |
||
| 003 | AR-CdUCM | ||
| 008 | 190307b ||||| |||| 00| 0 spa d | ||
| 040 |
_aMUNICIPALIDAD PROVINCIAL DEL CUSCO _cBIBLIOTECA MUNICIPAL DEL CUSCO |
||
| 041 | _heng | ||
| 082 |
_a985.061 / _bM34 |
||
| 100 |
_aMarkaham Clements Robert,Sir, _912963 |
||
| 245 | _aLa guerra entre el Perú y Chile / | ||
| 260 | _bEsmar, | ||
| 300 |
_a273 paginas ; _bIlustraciones, mapas, _c21 cm. |
||
| 505 | _aEl Perú bajo régimen incaico y bajo el régimen y bajo virreynal -- Chile bajo el régimen español -- Causas de la guerra -- Hazañas del Huascar -- El ejercito peruano en Tarapaca... | ||
| 650 |
_aGuerra _91007 |
||
| 650 |
_aPerú _935 |
||
| 650 |
_aChile _91150 |
||
| 650 |
_aHuascar _94981 |
||
| 700 |
_aBeltroy, Manuel (Traductor) _912964 |
||
| 942 |
_2ddc _cLIBROS |
||
| 945 | _awnts | ||